Botany of Field Crops/ (Record no. 205485)
[ view plain ]
| 000 -LEADER | |
|---|---|
| fixed length control field | 00766nam a22002417a 4500 |
| 005 - DATE AND TIME OF LATEST TRANSACTION | |
| control field | 20240903122058.0 |
| 008 - FIXED-LENGTH DATA ELEMENTS--GENERAL INFORMATION | |
| fixed length control field | 120911t xxu||||| |||| 00| 0 eng d |
| 010 ## - LCCN (DPL NO) | |
| LC control number | ENG-141573 |
| 020 ## - INTERNATIONAL STANDARD BOOK NUMBER | |
| Terms of availability | 495.00 |
| International Standard Book Number | 9788190932202 |
| 035 ## - SYSTEM CONTROL NUMBER | |
| System control number | EN-125105 |
| 037 ## - SOURCE OF ACQUISITION | |
| Source of stock number/acquisition | DBAD/PUB |
| 040 ## - CATALOGING SOURCE | |
| Original cataloging agency | DPL |
| Language of cataloging | English |
| 082 ## - DEWEY DECIMAL CLASSIFICATION NUMBER | |
| Classification number | 581 |
| 100 ## - MAIN ENTRY--PERSONAL NAME | |
| Personal name | Thangavel,P. |
| 9 (RLIN) | 70892 |
| 245 ## - TITLE STATEMENT | |
| Title | Botany of Field Crops/ |
| Statement of responsibility, etc | P.Thangavel;T.Sabesan[and]K.R.Saravanan |
| Medium | English |
| 260 ## - PUBLICATION, DISTRIBUTION, ETC. (IMPRINT) | |
| Place of publication, distribution, etc | Chidambaram |
| Name of publisher, distributor, etc | Sri Velan Pathippagam |
| Date of publication, distribution, etc | 2009 |
| 270 ## - ADDRESS | |
| Address | No.5, S.P.Koil Street |
| City | Chidambaram |
| Postal code | 608001 |
| 300 ## - PHYSICAL DESCRIPTION | |
| Extent | 169 pg. |
| Dimensions | 21cm(Hbk) |
| 700 ## - ADDED ENTRY--PERSONAL NAME | |
| Personal name | Sabesan,T. |
| Relator term | Author |
| 9 (RLIN) | 70893 |
| 700 ## - ADDED ENTRY--PERSONAL NAME | |
| Personal name | Saravanan,K.R. |
| Relator term | Author |
| 9 (RLIN) | 70894 |
| 700 ## - ADDED ENTRY--PERSONAL NAME | |
| Personal name | Kamaraj,A. |
| Relator term | Author |
| 9 (RLIN) | 70895 |
| 942 ## - ADDED ENTRY ELEMENTS (KOHA) | |
| Source of classification or shelving scheme | Dewey Decimal Classification |
| Item type | English Books |
| Classification part | 581 |
| Call number suffix | THA |
| Withdrawn status | Lost status | Source of classification or shelving scheme | Damaged status | Not for loan | Collection code | Home library | Current library | Date acquired | Source of acquisition | Cost, normal purchase price | Total Checkouts | Full call number | Barcode | Date last seen | Copy number | Cost, replacement price | Koha item type |
|---|---|---|---|---|---|---|---|---|---|---|---|---|---|---|---|---|---|
| Dewey Decimal Classification | Non-fiction | Shahdara Branch | Shahdara Branch | 03/09/2024 | DBAD | 495.00 | 2 | 581 THA | EN-125105 | 22/11/2025 | 1 | 495.00 | English Books |
